00517 2200205 4500001002100000005001500021035002000036245004900056250001400105300002600119264003000145336002200175337002000197338002700217082001000244084001600254020002200270600001000292990000900302INLIS00000000000234020260309091318 a0010-03260000031 aMeraih Rezeki Tak Terduga /cBobby Herwibowo aCetakan 1 a230 hlm :b- ;c23 cm aJakarta :bZaytuna,c2012 2rdacontentaAgama 2rdamediaaFisik 2rdacarrieraHard Cover a297.4 a297.4 BOB m a978-602-9346-37-4 4aAgama a6956